000 00719cam a22002413a 4500
001 5695
003 PGUSA
005 20140828083123.0
008 040501s2004||||xxu|||||s|||||000 1 eng d
040 _aPGUSA
_beng
042 _adc
050 4 _aPS
100 1 _aPinkerton, A. Frank
245 1 0 _aJim Cummings; Or, The Great Adams Express Robbery
_h[electronic resource] /
_cA. Frank Pinkerton
260 _bProject Gutenberg,
_c2004
506 _aPublic domain in the USA.
516 _aElectronic text
653 _aTrain robberies -- United States -- Fiction
653 _aMystery and detective stories
830 0 _aProject Gutenberg
_v5695
856 4 0 _uhttp://www.gutenberg.org/ebooks/5695
942 _cEB
999 _c235023
_d235023